000 01059nam a2200325 a 4500
001 12740
003 BD-JhCC
005 20230510092801.0
008 230510s2020 nyuabc e b 001|0deng|d
020 _a9781476739458
020 _a9781476739434
035 _a(BD-JhCC)12740
035 _acoutts059295965
040 _erda
_dNNfCLS
_dUkOxU
_dBD-JhCC
_cBD-JhCC
050 4 _aE440.5
082 0 4 _a973.7'092
_223
_bWID 2020
100 1 _aWidmer, Ted
_eauthor.
245 1 0 _aLincoln on the verge :
_bthirteen days to Washington /
_cTed Widmer.
264 1 _aNew York :
_bSimon & Schuster,
_c2020.
264 4 _c©2020
300 _axii, 606 pages :
_billustrations, maps (some colour), portraits ;
_c22 cm
336 _atext
_2rdacontent
337 _aunmediated
_2rdamedia
338 _avolume
_2rdacarrier
504 _aIncludes bibliographical references and index.
650 0 _aPresidents
_zUnited States
_vBiography
651 0 _aUnited States
_xHistory
_y1849-1877
651 0 _aUnited States
_xPolitics and government
_y1861-1865
942 _2ddc
_cBK
999 _c12740
_d12740